Normal view
MARC view
- تاليف عميت، تسفيكى؛ ترجمة عقيلي، بدر
Entry Personal Name
001 - CONTROL NUMBER
- control field: 40481
003 - CONTROL NUMBER IDENTIFIER
- control field: JO-AjAnu
005 - DATE AND TIME OF LATEST TRANSACTION
- control field: 20230606080726.0
008 - FIXED-LENGTH DATA ELEMENTS
- fixed length control field: 230606|| aca||aabn | a|a d
040 ## - CATALOGING SOURCE
- Original cataloging agency: JO-AjAnu
- Transcribing agency: JO-AjAnu
100 ## - HEADING--PERSONAL NAME
- Personal name: تاليف عميت، تسفيكى؛ ترجمة عقيلي، بدر
670 ## - SOURCE DATA FOUND
- Source citation: Work cat.: (JO-AjAnu)20751: تاليف عميت، تسفيكى؛ ترجمة عقيلي، بدر, author, انقلاب عسكري في إسرائيل: الاحتمالات والواقع